Engineering graphics (Record no. 4979)
[ view plain ]
| 000 -LEADER | |
|---|---|
| fixed length control field | 00534nam a2200169Ia 4500 |
| 003 - CONTROL NUMBER IDENTIFIER | |
| control field | SGT |
| 020 ## - INTERNATIONAL STANDARD BOOK NUMBER | |
| International Standard Book Number | 9788190746229 |
| 082 ## - DEWEY DECIMAL CLASSIFICATION NUMBER | |
| Classification number | 604.2 |
| Item number | BHA |
| 100 ## - MAIN ENTRY--PERSONAL NAME | |
| Personal name | Bhattacharyya,B |
| 245 ## - TITLE STATEMENT | |
| Title | Engineering graphics |
| 260 ## - PUBLICATION, DISTRIBUTION, ETC. (IMPRINT) | |
| Name of publisher, distributor, etc | I.K. International Publishing House Pvt. Ltd. |
| Place of publication, distribution, etc | New Delhi |
| Year of Publication | 2009 |
| 300 ## - PAGE DESCRIPTION | |
| No. of Pages | 333p. |
| 650 ## - SUBJECT ADDED ENTRY--TOPICAL TERM | |
| Topical term or geographic name as entry element | TECHNICAL DRAWING |
| 653 ## - KEYWORDS--INDEX TERM | |
| Keyword term | INTRODUCTION, ISO AND BIS CONVENTION OR CODE, DRAWING INSTRUMENTS & DRAWING MATERIALS, LAYOUT OF DRAWING SHEET, PROJECTIONS & ITS ASPECTS |
| 700 ## - ADDED ENTRY--PERSONAL NAME | |
| Personal name | Bera,S.C |
| 942 ## - ADDED ENTRY ELEMENTS (KOHA) | |
| Source of classification or shelving scheme | Dewey Decimal Classification |
| Koha item type | Books |
| Withdrawn status | Lost status | Source of classification or shelving scheme | Damaged status | Not for loan | Home library | Current library | Date acquired | SGTU | Total Checkouts | Full call number | Accession No. (Barcode) | Date last seen | Bill Date | Koha item type | Date last borrowed |
|---|---|---|---|---|---|---|---|---|---|---|---|---|---|---|---|
| Dewey Decimal Classification | SGT Engineering Library | SGT Engineering Library | 28/04/2010 | SGTU | 604.2 BHA | FE2072 | 22/12/2017 | 09/02/2015 | Books | ||||||
| Dewey Decimal Classification | SGT Engineering Library | SGT Engineering Library | 28/04/2010 | SGTU | 604.2 BHA | FE2073 | 09/02/2015 | 09/02/2015 | Books | ||||||
| Dewey Decimal Classification | SGT Engineering Library | SGT Engineering Library | 28/04/2010 | SGTU | 604.2 BHA | FE2074 | 09/02/2015 | 09/02/2015 | Books | ||||||
| Dewey Decimal Classification | SGT Engineering Library | SGT Engineering Library | 06/09/2012 | SGTU | 604.2 BHA | FE5351 | 11/11/2019 | 09/02/2015 | Books | ||||||
| Dewey Decimal Classification | SGT Engineering Library | SGT Engineering Library | 06/09/2012 | SGTU | 1 | 604.2 BHA | FE5352 | 23/11/2019 | 09/02/2015 | Books | 05/11/2019 |